René Girard : Violence and Mimesis /

Aquí , Chris Fleming ofrece una reflexión sobre el pensamiento de René Girard quien es considerado por muchos, como el más importante, sino el más controvertido teórico de la cultura del siglo XX. El trabajo de Girard es extraordianriamente innovativo y con un amplio espectro de incidencia tanto en...

Olles dieđut

Furkejuvvon:
Bibliográfalaš dieđut
Váldodahkki: Fleming, Chris (autor)
Materiálatiipa: Girji
Giella:eaŋgalasgiella
Almmustuhtton: Cambridge, Inglaterra : Polity, 2004, c2004
Ráidu:(Key Contemporary Thinkers)
Fáttát:
Fáddágilkorat: Lasit fáddágilkoriid
Eai fáddágilkorat, Lasit vuosttaš fáddágilkora!

MARC

LEADER 00000nam^a2200000^a^4500
001 000184364
005 20250521000000.0
009 20260310102112.56
020 |a 0-7456-2948-2 
037 |a Acervo ITESO - Biblioteca 
041 |a ING 
082 |a 300. 1  |b KEY V. 4 
100 |a Fleming, Chris  |e (autor) 
240 1 1 |a [Key Contemporary Thinkers] 
245 1 0 |a René Girard :  |b Violence and Mimesis /  |c C. Fleming. 
264 4 |a Cambridge, Inglaterra :  |b Polity,  |c 2004, c2004 
300 |a XII, 211 p. 
336 |a texto  |b txt  |2 rdacontenido 
337 |a sin mediación  |b n  |2 rdamedio 
338 |a volumen  |b nc  |2 rdasoporte 
440 1 |a (Key Contemporary Thinkers) 
520 |a Aquí , Chris Fleming ofrece una reflexión sobre el pensamiento de René Girard quien es considerado por muchos, como el más importante, sino el más controvertido teórico de la cultura del siglo XX. El trabajo de Girard es extraordianriamente innovativo y con un amplio espectro de incidencia tanto en la filosofía, el psicoanálisis, la teoría de la literatura, la antropología; así como en la teología y la sociología por igual. 
649 |a XX 
650 |a Filósofos Franceses 
650 |a Escritores Franceses 
650 |a Hombre 
650 |a Lo Sagrado 
650 |a Deseo 
650 |a Violencia 
650 |a Ritos 
650 |a Mimesis 
650 |a Mitología 
650 |a Lo Real, lo Imaginario y lo Simbólico 
650 |a Simbolismo 
650 |a Biblia -  |x Hermenéutica 
650 |a Literatura -  |x Historia y Crítica 
650 |a Cristianismo -  |x Historia 
650 |a Metafísica 
650 |a Hermenéutica 
650 |a Estructuralismo 
650 |a Historia -  |x Filosofía 
650 |a Psicoanálisis y Religión 
650 |a Psicoanálisis y Sociedad 
650 |a Modernidad y Posmodernidad 
650 |a Sociología de la Religión 
650 |a Sociología de la Cultura 
650 |a Girard, René 
910 |a Fondo General 
920 |a Impresos - Libros 
930 |a Colección General 
905 |a 101 
901 |a 0500125083  |b IT1  |c ACC  |u 20250521 
902 |a https://opac.biblio.iteso.mx/vufind/Record/000184364